[Event "ODJM B 2018"]
[Site "Willingen GER"]
[Date "2018.05.20"]
[Round "2"]
[White "Hallfarth, Luise"]
[Black "Eulitz, Charlotte"]
[Result "0-1"]
[Termination "normal"]
[Board "59"]
[WhiteElo "1425"]
[BlackElo "1547"]
[PlyCount "88"]
[WhiteFideId "16250222"]
[BlackFideId "12964654"]
[EventCountry "GER"]
[EventRounds "9"]
[EventType "swiss"]
[EventDate "2018.05.19"]

1. e4 e5 2. Nf3 Nc6 3. d4 exd4 4. Nxd4 Bc5 5. Be3 Qf6 6. c3 d6 7. Bb5 Bd7 8.
O-O Qe5 9. Qd3 Nf6 10. f3 O-O 11. Nd2 Nxd4 12. cxd4 Bxb5 13. Qxb5 Bxd4 14. Qd3
Bxe3+ 15. Qxe3 Nd5 16. Qb3 Qd4+ 17. Rf2 Nf4 18. Qc4 Qxc4 19. Nxc4 d5 20. exd5
Nxd5 21. Rd2 c6 22. Kf2 Rad8 23. Rad1 Rfe8 24. Na5 Re7 25. b4 Rde8 26. a3 h6
27. Rc1 Nf4 28. Rcc2 Ne6 29. Rd3 Rc8 30. Re3 Kf8 31. Nb3 b6 32. Rec3 Rec7 33.
Ke3 Ke7 34. Nd4 Nxd4 35. Kxd4 Kd6 36. Ke4 c5 37. b5 Rd7 38. Rd3+ Ke7 39. Rcd2
Rcd8 40. Rxd7+ Rxd7 41. Rxd7+ Kxd7 42. Kd5 Ke7 43. Kc6 c4 44. Kb7 c3 0-1

[Event "ODJM B 2018"]
[Site "Willingen GER"]
[Date "2018.05.20"]
[Round "2"]
[White "Henzgen, Nick"]
[Black "Trams, Emma Joe"]
[Result "1-0"]
[Termination "normal"]
[Board "60"]
[WhiteElo "1633"]
[BlackElo "1359"]
[PlyCount "109"]
[WhiteFideId "16212347"]
[BlackFideId "16206517"]
[EventCountry "GER"]
[EventRounds "9"]
[EventType "swiss"]
[EventDate "2018.05.19"]

1. d4 d5 2. Nf3 Nc6 3. e3 a6 4. a3 Bg4 5. Nbd2 Nf6 6. Be2 e6 7. O-O Bd6 8. b3
b5 9. Bb2 O-O 10. Ne5 Bxe2 11. Qxe2 Qe8 12. Ndf3 Ne7 13. Rfc1 Ne4 14. c4 c6 15.
Rc2 Rc8 16. Rac1 h6 17. Ne1 Qd8 18. N1d3 a5 19. f3 Nf6 20. cxd5 cxd5 21. Nc5
Qb6 22. Ncd7 Qb7 23. Nxf8 Rxf8 24. Nc6 Nxc6 25. Rxc6 Bb8 26. Kh1 Re8 27. Qc2
Nd7 28. Rc8 Kf8 29. Rxe8+ Kxe8 30. a4 b4 31. e4 Ke7 32. exd5 Qxd5 33. Re1 Qd6
34. g3 Qd5 35. Kg2 Bd6 36. Re2 Nf6 37. Qd3 Qb7 38. Kg1 g5 39. Bc1 Qc7 40. Bd2
Nd5 41. Re1 Kf6 42. Qh7 Bf8 43. f4 gxf4 44. gxf4 Qa7 45. Qe4 Qd7 46. f5 exf5
47. Qh4+ Kg6 48. Qg3+ Kh7 49. Re2 Qc6 50. Qf3 Ne7 51. Qxc6 Nxc6 52. Be3 Bd6 53.
d5 Ne7 54. Rd2 Kg6 55. Bb6 1-0

[Event "ODJM B 2018"]
[Site "Willingen GER"]
[Date "2018.05.21"]
[Round "3"]
[White "Laag, Pascal"]
[Black "Pauls, Fynn"]
[Result "0-1"]
[Termination "normal"]
[Board "1"]
[WhiteElo "1743"]
[BlackElo "1789"]
[WhiteClock "00:20:53"]
[BlackClock "00:49:11"]
[PlyCount "100"]
[WhiteFideId "16256069"]
[BlackFideId "16213149"]
[EventCountry "GER"]
[EventRounds "9"]
[EventType "swiss"]
[EventDate "2018.05.19"]

1. e4 {[%clk 1:30:56]} 1... d6 {[%clk 1:30:56]} 2. d4 {[%clk 1:31:20]} 2... Nf6
{[%clk 1:31:22]} 3. Nc3 {[%clk 1:31:45]} 3... g6 {[%clk 1:31:49]} 4. Bc4 {
[%clk 1:32:11]} 4... c6 {[%clk 1:31:32]} 5. Bg5 {[%clk 1:28:15]} 5... Bg7 {
[%clk 1:26:30]} 6. Nf3 {[%clk 1:23:02]} 6... b5 {[%clk 1:23:15]} 7. Bd3 { [%clk
1:21:43]} 7... h6 {[%clk 1:15:55]} 8. Be3 {[%clk 1:16:24]} 8... Qc7 { [%clk
1:06:52]} 9. a3 {[%clk 1:11:30]} 9... a6 {[%clk 1:06:05]} 10. Qe2 { [%clk
1:06:04]} 10... Nbd7 {[%clk 1:04:08]} 11. Qd2 {[%clk 1:01:51]} 11... Bb7 {[%clk
1:03:06]} 12. O-O {[%clk 0:49:57]} 12... c5 {[%clk 0:55:28]} 13. d5 { [%clk
0:42:54]} 13... c4 {[%clk 0:49:43]} 14. Be2 {[%clk 0:42:33]} 14... Nc5 { [%clk
0:50:11]} 15. Bxc5 {[%clk 0:37:30]} 15... Qxc5 {[%clk 0:49:07]} 16. Qd4 { [%clk
0:30:16]} 16... Qxd4 {[%clk 0:45:49]} 17. Nxd4 {[%clk 0:30:39]} 17... Nxe4
{[%clk 0:43:48]} 18. Ndxb5 {[%clk 0:19:13]} 18... axb5 {[%clk 0:44:06]} 19.
Nxe4 {[%clk 0:19:16]} 19... Bxd5 {[%clk 0:44:01]} 20. Bf3 {[%clk 0:14:59]}
20... Ra6 {[%clk 0:38:02]} 21. Rab1 {[%clk 0:14:06]} 21... O-O {[%clk 0:36:09]}
22. Nf6+ {[%clk 0:12:43]} 22... Bxf6 23. Bxd5 {[%clk 0:13:09]} 23... Rb8 {
[%clk 0:35:48]} 24. c3 {[%clk 0:13:17]} 24... e6 {[%clk 0:35:16]} 25. Bf3 {
[%clk 0:13:32]} 25... d5 {[%clk 0:35:25]} 26. Rbd1 {[%clk 0:13:51]} 26... Rd6 {
[%clk 0:33:11]} 27. Rfe1 {[%clk 0:13:25]} 27... Rbd8 {[%clk 0:29:21]} 28. Rd2 {
[%clk 0:09:56]} 28... d4 {[%clk 0:27:05]} 29. Red1 {[%clk 0:07:44]} 29... dxc3
{[%clk 0:26:10]} 30. Rxd6 {[%clk 0:07:17]} 30... Rxd6 {[%clk 0:26:39]} 31. bxc3
{[%clk 0:07:37]} 31... Ra6 {[%clk 0:26:09]} 32. Rc1 {[%clk 0:06:16]} 32... Rxa3
{[%clk 0:26:12]} 33. Bc6 {[%clk 0:06:39]} 33... Rb3 {[%clk 0:25:54]} 34. Kf1 {
[%clk 0:06:22]} 34... Bxc3 {[%clk 0:25:53]} 35. Bxb5 {[%clk 0:05:56]} 35...
Rxb5 {[%clk 0:25:37]} 36. Rxc3 {[%clk 0:06:19]} 36... Rc5 {[%clk 0:24:54]} 37.
Ke2 {[%clk 0:06:14]} 37... Kg7 {[%clk 0:25:05]} 38. Ke3 {[%clk 0:05:44]} 38...
e5 {[%clk 0:25:25]} 39. g4 {[%clk 0:05:32]} 39... f5 {[%clk 0:23:39]} 40. f3 {
[%clk 0:01:38]} 40... Kf6 {[%clk 0:23:00]} 41. h4 {[%clk 0:27:36]} 41... h5 {
[%clk 0:49:13]} 42. g5+ {[%clk 0:27:12]} 42... Ke6 {[%clk 0:48:44]} 43. Rc1 {
[%clk 0:20:31]} 43... c3 44. Kd3 {[%clk 0:20:11]} 44... c2 {[%clk 0:48:21]} 45.
Rxc2 {[%clk 0:20:40]} 45... Rxc2 {[%clk 0:48:34]} 46. Kxc2 46... e4 { [%clk
0:48:32]} 47. Kd2 {[%clk 0:20:19]} 47... Ke5 48. Ke3 {[%clk 0:20:40]} 48... f4+
{[%clk 0:48:51]} 49. Ke2 49... exf3+ {[%clk 0:49:11]} 50. Kxf3 { [%clk
0:20:53]} 50... Kf5 0-1

[Event "ODJM B 2018"]
[Site "Willingen GER"]
[Date "2018.05.21"]
[Round "3"]
[White "Walow, Xenia"]
[Black "Grunert, Wilhelm"]
[Result "0-1"]
[Termination "normal"]
[Board "2"]
[WhiteElo "1742"]
[BlackElo "1607"]
[WhiteClock "00:17:56"]
[BlackClock "00:48:05"]
[PlyCount "66"]
[WhiteFideId "12971839"]
[BlackFideId "12995673"]
[EventCountry "GER"]
[EventRounds "9"]
[EventType "swiss"]
[EventDate "2018.05.19"]

1. d4 {[%clk 1:30:58]} 1... Nf6 {[%clk 1:30:52]} 2. Bf4 {[%clk 1:31:24]} 2...
g6 {[%clk 1:31:06]} 3. e3 {[%clk 1:31:47]} 3... Bg7 {[%clk 1:31:13]} 4. Nf3 {
[%clk 1:32:11]} 4... O-O {[%clk 1:31:55]} 5. c4 {[%clk 1:33:01]} 5... d6 {
[%clk 1:31:55]} 6. Nc3 {[%clk 1:33:01]} 6... Nc6 {[%clk 1:32:19]} 7. Be2 {
[%clk 1:32:56]} 7... Nh5 {[%clk 1:31:29]} 8. Bg5 {[%clk 1:32:36]} 8... h6 {
[%clk 1:31:13]} 9. Bh4 {[%clk 1:31:59]} 9... g5 {[%clk 1:30:49]} 10. Nd2 {
[%clk 1:30:51]} 10... Nf6 {[%clk 1:30:08]} 11. Bg3 {[%clk 1:30:56]} 11... e5 {
[%clk 1:29:41]} 12. dxe5 {[%clk 1:27:21]} 12... Nxe5 {[%clk 1:29:16]} 13. Nf3 {
[%clk 1:25:57]} 13... Nfd7 {[%clk 1:27:43]} 14. Qc2 {[%clk 1:23:32]} 14...
Nxf3+ {[%clk 1:26:46]} 15. Bxf3 {[%clk 1:23:55]} 15... Ne5 {[%clk 1:26:54]} 16.
Be2 {[%clk 1:23:24]} 16... Be6 {[%clk 1:26:22]} 17. b3 {[%clk 1:19:27]} 17...
Qf6 {[%clk 1:24:56]} 18. Rc1 {[%clk 1:17:13]} 18... c6 {[%clk 1:20:57]} 19. O-O
{[%clk 1:08:39]} 19... d5 {[%clk 1:20:52]} 20. cxd5 {[%clk 1:08:17]} 20... cxd5
{[%clk 1:20:01]} 21. Qd2 {[%clk 1:08:07]} 21... Rfd8 {[%clk 1:17:33]} 22. Rfd1
{[%clk 1:04:42]} 22... Rac8 {[%clk 1:17:41]} 23. Nb5 {[%clk 1:00:06]} 23... a6
{[%clk 1:15:18]} 24. Nd4 {[%clk 0:58:41]} 24... g4 {[%clk 1:11:00]} 25. Qb4 {
[%clk 0:54:50]} 25... Nc6 {[%clk 0:59:07]} 26. Qxb7 {[%clk 0:48:18]} 26... Nxd4
{[%clk 0:58:00]} 27. exd4 {[%clk 0:46:12]} 27... Rxc1 {[%clk 0:56:56]} 28. Rxc1
{[%clk 0:45:53]} 28... Qxd4 {[%clk 0:56:43]} 29. Qxa6 {[%clk 0:45:07]} 29...
Qb2 {[%clk 0:55:13]} 30. Rc7 {[%clk 0:40:49]} 30... d4 {[%clk 0:54:12]} 31. Bf4
{[%clk 0:33:42]} 31... d3 {[%clk 0:47:47]} 32. Bxd3 {[%clk 0:24:15]} 32... Qd4
{[%clk 0:47:43]} 33. Bf1 {[%clk 0:17:56]} 33... Qxf4 {[%clk 0:48:05]} 0-1

[Event "ODJM B 2018"]
[Site "Willingen GER"]
[Date "2018.05.21"]
[Round "3"]
[White "Lehmann, Tim"]
[Black "Matthes, Benjamin"]
[Result "1-0"]
[Termination "normal"]
[Board "3"]
[WhiteElo "1781"]
[BlackElo "1829"]
[WhiteClock "00:11:04"]
[BlackClock "00:00:56"]
[PlyCount "49"]
[WhiteFideId "12979171"]
[BlackFideId "16227298"]
[EventCountry "GER"]
[EventRounds "9"]
[EventType "swiss"]
[EventDate "2018.05.19"]

1. d4 {[%clk 1:30:56]} 1... Nf6 {[%clk 1:30:43]} 2. Bf4 {[%clk 1:31:20]} 2...
g6 {[%clk 1:30:57]} 3. Nc3 {[%clk 1:31:44]} 3... Bg7 {[%clk 1:30:14]} 4. e4 {
[%clk 1:32:09]} 4... d6 {[%clk 1:29:44]} 5. Qd2 {[%clk 1:32:33]} 5... c6 {
[%clk 1:21:48]} 6. Nf3 {[%clk 1:14:58]} 6... Nbd7 {[%clk 1:17:33]} 7. O-O-O {
[%clk 1:15:21]} 7... b5 {[%clk 1:03:53]} 8. Bd3 {[%clk 1:04:19]} 8... Nb6 {
[%clk 0:58:53]} 9. Bh6 {[%clk 0:57:15]} 9... O-O {[%clk 0:56:42]} 10. h4 {
[%clk 0:55:15]} 10... Bxh6 {[%clk 0:55:16]} 11. Qxh6 {[%clk 0:55:31]} 11... Ng4
{[%clk 0:55:38]} 12. Qf4 {[%clk 0:48:52]} 12... h5 {[%clk 0:51:18]} 13. e5 {
[%clk 0:44:20]} 13... d5 {[%clk 0:45:18]} 14. Nh2 {[%clk 0:42:25]} 14... Nxh2 {
[%clk 0:36:55]} 15. Rxh2 {[%clk 0:42:41]} 15... Nc4 {[%clk 0:21:32]} 16. g4 {
[%clk 0:25:31]} 16... Bxg4 {[%clk 0:09:53]} 17. f3 {[%clk 0:25:44]} 17... Bd7 {
[%clk 0:07:37]} 18. Rg2 {[%clk 0:25:26]} 18... Kg7 {[%clk 0:05:56]} 19. Rdg1 {
[%clk 0:25:31]} 19... Be8 {[%clk 0:02:04]} 20. Rg5 {[%clk 0:11:37]} 20... Rh8 {
[%clk 0:01:43]} 21. Qg3 {[%clk 0:11:51]} 21... Rh6 {[%clk 0:01:25]} 22. f4 {
[%clk 0:11:37]} 22... f6 {[%clk 0:00:44]} 23. Rxg6+ {[%clk 0:11:47]} 23... Bxg6
{[%clk 0:00:59]} 24. Bxg6 {[%clk 0:12:08]} 24... Kh8 {[%clk 0:00:56]} 25. Be8 {
[%clk 0:11:04]} 1-0

[Event "ODJM B 2018"]
[Site "Willingen GER"]
[Date "2018.05.21"]
[Round "3"]
[White "Brockmeyer, Tobias"]
[Black "von Rosen, Jakob"]
[Result "1-0"]
[Termination "normal"]
[Board "4"]
[WhiteElo "1688"]
[BlackElo "1700"]
[WhiteClock "00:01:03"]
[BlackClock "00:00:33"]
[PlyCount "77"]
[WhiteFideId "12982385"]
[BlackFideId "12982989"]
[EventCountry "GER"]
[EventRounds "9"]
[EventType "swiss"]
[EventDate "2018.05.19"]

1. d4 {[%clk 1:30:59]} 1... Nf6 {[%clk 1:30:54]} 2. c4 {[%clk 1:31:28]} 2... c5
{[%clk 1:31:13]} 3. d5 {[%clk 1:31:55]} 3... e6 {[%clk 1:31:36]} 4. Nc3 { [%clk
1:32:21]} 4... exd5 {[%clk 1:31:55]} 5. cxd5 {[%clk 1:32:50]} 5... d6 { [%clk
1:32:10]} 6. Nf3 {[%clk 1:33:19]} 6... g6 {[%clk 1:32:19]} 7. Bf4 { [%clk
1:33:42]} 7... Bg7 {[%clk 1:32:17]} 8. h3 {[%clk 1:34:05]} 8... O-O { [%clk
1:32:09]} 9. e3 {[%clk 1:34:29]} 9... a6 {[%clk 1:27:19]} 10. a4 { [%clk
1:34:53]} 10... Ne8 {[%clk 1:20:20]} 11. Be2 {[%clk 1:26:37]} 11... Nd7 { [%clk
1:17:36]} 12. O-O {[%clk 1:23:51]} 12... Ndf6 {[%clk 1:10:05]} 13. Nd2 { [%clk
1:19:28]} 13... Rb8 {[%clk 1:07:34]} 14. Bh2 {[%clk 1:08:52]} 14... Bd7 { [%clk
1:01:29]} 15. Nc4 {[%clk 1:05:38]} 15... Qc7 {[%clk 0:53:52]} 16. Na3 { [%clk
0:58:13]} 16... Qd8 {[%clk 0:36:29]} 17. Kh1 {[%clk 0:46:12]} 17... Qe7 { [%clk
0:34:53]} 18. Bd3 {[%clk 0:30:17]} 18... Nc7 {[%clk 0:28:36]} 19. Nc4 { [%clk
0:24:31]} 19... Nce8 {[%clk 0:18:38]} 20. Nb6 {[%clk 0:16:30]} 20... h6 { [%clk
0:15:11]} 21. e4 {[%clk 0:15:08]} 21... Nh7 {[%clk 0:13:43]} 22. f4 { [%clk
0:14:39]} 22... f5 {[%clk 0:10:29]} 23. e5 {[%clk 0:14:49]} 23... Bc8 { [%clk
0:09:47]} 24. Re1 {[%clk 0:14:03]} 24... Nc7 {[%clk 0:07:18]} 25. Nc4 { [%clk
0:12:10]} 25... Ne8 {[%clk 0:06:27]} 26. exd6 {[%clk 0:11:20]} 26... Qd8 {[%clk
0:06:30]} 27. Bg1 {[%clk 0:04:21]} 27... Bd4 {[%clk 0:03:42]} 28. Bxd4 { [%clk
0:03:07]} 28... cxd4 {[%clk 0:04:05]} 29. Ne2 {[%clk 0:03:18]} 29... Nxd6
{[%clk 0:03:38]} 30. Nxd4 {[%clk 0:03:30]} 30... Nf6 {[%clk 0:03:08]} 31. Ne5 {
[%clk 0:02:30]} 31... Kg7 {[%clk 0:03:00]} 32. Bxa6 {[%clk 0:01:11]} 32... Nde4
{[%clk 0:02:34]} 33. Kh2 {[%clk 0:00:54]} 33... Nxd5 {[%clk 0:01:41]} 34. Bc4 {
[%clk 0:00:38]} 34... Nxf4 {[%clk 0:01:14]} 35. Qf3 {[%clk 0:00:33]} 35... Qxd4
{[%clk 0:00:51]} 36. Qxf4 {[%clk 0:00:49]} 36... Re8 {[%clk 0:00:42]} 37. Nf3 {
[%clk 0:00:59]} 37... Bd7 {[%clk 0:00:34]} 38. Nxd4 {[%clk 0:01:17]} 38... Rbc8
{[%clk 0:00:33]} 39. Rxe4 {[%clk 0:01:03]} 1-0

[Event "ODJM B 2018"]
[Site "Willingen GER"]
[Date "2018.05.21"]
[Round "3"]
[White "Jenner, Meikel"]
[Black "Kovac, Linda"]
[Result "0-1"]
[Termination "normal"]
[Board "5"]
[WhiteElo "1679"]
[BlackElo "1629"]
[WhiteClock "00:14:23"]
[BlackClock "00:12:43"]
[PlyCount "60"]
[WhiteFideId "16245342"]
[BlackFideId "12938815"]
[EventCountry "GER"]
[EventRounds "9"]
[EventType "swiss"]
[EventDate "2018.05.19"]

1. e4 {[%clk 1:30:58]} 1... c5 {[%clk 1:30:45]} 2. d4 {[%clk 1:31:23]} 2...
cxd4 {[%clk 1:31:01]} 3. c3 {[%clk 1:31:48]} 3... dxc3 {[%clk 1:31:12]} 4. Nxc3
{[%clk 1:32:12]} 4... Nc6 {[%clk 1:31:29]} 5. Nf3 {[%clk 1:32:36]} 5... e6 {
[%clk 1:31:07]} 6. Bc4 {[%clk 1:32:57]} 6... a6 {[%clk 1:31:22]} 7. O-O { [%clk
1:33:20]} 7... Nge7 {[%clk 1:31:26]} 8. Qe2 {[%clk 1:26:48]} 8... b5 { [%clk
1:19:52]} 9. Bb3 {[%clk 1:26:04]} 9... Na5 {[%clk 1:08:05]} 10. Bc2 { [%clk
1:23:40]} 10... Ng6 {[%clk 1:00:21]} 11. e5 {[%clk 1:05:18]} 11... Bb7 { [%clk
0:59:25]} 12. Bxg6 {[%clk 1:00:34]} 12... hxg6 {[%clk 0:59:12]} 13. Bf4 { [%clk
0:59:46]} 13... Be7 {[%clk 0:48:47]} 14. Rfd1 {[%clk 0:58:20]} 14... g5 { [%clk
0:47:45]} 15. Bg3 {[%clk 0:56:08]} 15... O-O {[%clk 0:41:58]} 16. Rd3 { [%clk
0:53:03]} 16... Nc4 {[%clk 0:40:53]} 17. b3 {[%clk 0:51:16]} 17... Nb6 { [%clk
0:41:08]} 18. Rad1 {[%clk 0:50:39]} 18... Nd5 {[%clk 0:38:15]} 19. Ne4 { [%clk
0:44:15]} 19... Bc6 {[%clk 0:28:51]} 20. Nd4 {[%clk 0:34:30]} 20... Rc8 { [%clk
0:23:13]} 21. Nxc6 {[%clk 0:28:33]} 21... Rxc6 {[%clk 0:23:18]} 22. Qd2 { [%clk
0:27:09]} 22... b4 {[%clk 0:19:31]} 23. f4 {[%clk 0:26:15]} 23... gxf4 { [%clk
0:19:20]} 24. Bxf4 {[%clk 0:26:36]} 24... Qc7 {[%clk 0:17:19]} 25. Rxd5 { [%clk
0:18:56]} 25... exd5 {[%clk 0:15:28]} 26. Nf6+ {[%clk 0:18:52]} 26... gxf6
{[%clk 0:11:51]} 27. exf6 {[%clk 0:18:53]} 27... Qb6+ {[%clk 0:12:04]} 28. Be3
{[%clk 0:14:06]} 28... Bc5 {[%clk 0:12:19]} 29. Bxc5 {[%clk 0:14:18]} 29...
Qxc5+ {[%clk 0:12:41]} 30. Kh1 {[%clk 0:14:23]} 30... Rxf6 {[%clk 0:12:43]} 0-1

[Event "ODJM B 2018"]
[Site "Willingen GER"]
[Date "2018.05.21"]
[Round "3"]
[White "Wastian, Mareike"]
[Black "Fromm, Johannes"]
[Result "1/2-1/2"]
[Termination "normal"]
[Board "6"]
[WhiteElo "1535"]
[BlackElo "1705"]
[WhiteClock "00:12:27"]
[BlackClock "00:10:22"]
[PlyCount "43"]
[WhiteFideId "12947423"]
[BlackFideId "12993204"]
[EventCountry "GER"]
[EventRounds "9"]
[EventType "swiss"]
[EventDate "2018.05.19"]

1. e4 {[%clk 1:30:57]} 1... Nc6 {[%clk 1:30:51]} 2. Nf3 {[%clk 1:30:52]} 2...
d5 {[%clk 1:31:10]} 3. exd5 {[%clk 1:30:32]} 3... Qxd5 {[%clk 1:31:29]} 4. Nc3
{[%clk 1:30:11]} 4... Qa5 {[%clk 1:30:53]} 5. d4 {[%clk 1:29:50]} 5... Bg4 {
[%clk 1:30:19]} 6. h3 {[%clk 1:26:50]} 6... Bh5 {[%clk 1:17:18]} 7. g4 { [%clk
1:17:00]} 7... Bg6 {[%clk 1:15:48]} 8. Bg2 {[%clk 1:13:34]} 8... Nb4 { [%clk
1:09:31]} 9. O-O {[%clk 1:08:24]} 9... Bxc2 {[%clk 1:05:46]} 10. Qe1 { [%clk
1:03:13]} 10... Bd3 {[%clk 0:58:16]} 11. Ne5 {[%clk 0:58:50]} 11... Bxf1 {[%clk
0:36:18]} 12. Bxb7 {[%clk 0:51:08]} 12... Rb8 {[%clk 0:35:21]} 13. Qe4 { [%clk
0:32:29]} 13... Nf6 {[%clk 0:26:56]} 14. Bc6+ {[%clk 0:29:39]} 14... Nxc6
{[%clk 0:22:20]} 15. Qxc6+ {[%clk 0:28:49]} 15... Kd8 {[%clk 0:22:02]} 16. Kxf1
{[%clk 0:25:29]} 16... e6 {[%clk 0:11:53]} 17. Bg5 {[%clk 0:22:28]} 17... Kc8 {
[%clk 0:09:37]} 18. Bxf6 {[%clk 0:17:20]} 18... gxf6 {[%clk 0:09:29]} 19. Qd7+
{[%clk 0:12:00]} 19... Kb7 {[%clk 0:09:49]} 20. Qc6+ {[%clk 0:12:12]} 20... Kc8
{[%clk 0:09:59]} 21. Qd7+ {[%clk 0:12:23]} 21... Kb7 {[%clk 0:10:22]} 22. Qc6+
{[%clk 0:12:27]} 1/2-1/2

[Event "ODJM B 2018"]
[Site "Willingen GER"]
[Date "2018.05.21"]
[Round "3"]
[White "Schilay, Maria"]
[Black "Oberhofer, Marie"]
[Result "0-1"]
[Termination "normal"]
[Board "7"]
[WhiteElo "1354"]
[BlackElo "1751"]
[WhiteClock "00:35:44"]
[BlackClock "00:10:11"]
[PlyCount "56"]
[WhiteFideId "12942979"]
[BlackFideId "12938165"]
[EventCountry "GER"]
[EventRounds "9"]
[EventType "swiss"]
[EventDate "2018.05.19"]

1. e4 {[%clk 1:30:56]} 1... c5 {[%clk 1:30:57]} 2. Nf3 {[%clk 1:31:11]} 2... d6
{[%clk 1:31:21]} 3. d4 {[%clk 1:31:06]} 3... cxd4 {[%clk 1:31:47]} 4. Nxd4 {
[%clk 1:31:28]} 4... Nf6 {[%clk 1:32:11]} 5. Nc3 {[%clk 1:31:47]} 5... g6 {
[%clk 1:32:23]} 6. Be3 {[%clk 1:31:58]} 6... Bg7 {[%clk 1:32:49]} 7. f3 { [%clk
1:32:08]} 7... O-O {[%clk 1:33:11]} 8. Qd2 {[%clk 1:32:00]} 8... Nc6 { [%clk
1:33:34]} 9. Bc4 {[%clk 1:31:54]} 9... Bd7 {[%clk 1:34:01]} 10. O-O-O { [%clk
1:31:41]} 10... Rc8 {[%clk 1:34:18]} 11. Bb3 {[%clk 1:31:47]} 11... Ne5 { [%clk
1:34:12]} 12. h4 {[%clk 1:31:20]} 12... h5 {[%clk 1:34:37]} 13. Rdg1 { [%clk
1:31:01]} 13... Qa5 {[%clk 1:33:15]} 14. Kb1 {[%clk 1:29:57]} 14... Rfe8 {[%clk
1:32:05]} 15. g4 {[%clk 1:28:35]} 15... hxg4 {[%clk 1:31:06]} 16. h5 { [%clk
1:26:12]} 16... Nxh5 {[%clk 1:29:46]} 17. Bh6 {[%clk 1:22:58]} 17... Rxc3
{[%clk 1:16:12]} 18. Bxg7 {[%clk 1:19:34]} 18... Kxg7 {[%clk 1:09:14]} 19. fxg4
{[%clk 1:12:02]} 19... Nxg4 {[%clk 1:05:25]} 20. Nf5+ {[%clk 1:02:08]} 20...
Bxf5 {[%clk 1:01:40]} 21. Rxh5 {[%clk 0:57:45]} 21... Rg3 {[%clk 0:48:27]} 22.
Rh7+ {[%clk 0:43:32]} 22... Kg8 {[%clk 0:27:41]} 23. Rh8+ {[%clk 0:41:00]}
23... Kg7 {[%clk 0:23:11]} 24. Rh7+ {[%clk 0:40:51]} 24... Kg8 {[%clk 0:11:19]}
25. Rh8+ {[%clk 0:40:31]} 25... Kxh8 {[%clk 0:10:16]} 26. Rh1+ {[%clk 0:40:28]}
26... Kg7 {[%clk 0:10:42]} 27. Qxa5 {[%clk 0:40:18]} 27... Rh8 {[%clk 0:10:01]}
28. Rxh8 {[%clk 0:35:44]} 28... Rg1+ {[%clk 0:10:11]} 0-1

[Event "ODJM B 2018"]
[Site "Willingen GER"]
[Date "2018.05.21"]
[Round "3"]
[White "Mainka, Irmin"]
[Black "Brunner, Tobias"]
[Result "0-1"]
[Termination "normal"]
[Board "8"]
[WhiteElo "1415"]
[BlackElo "1919"]
[WhiteClock "01:06:41"]
[BlackClock "01:08:38"]
[PlyCount "84"]
[WhiteFideId "16248457"]
[BlackFideId "12949833"]
[EventCountry "GER"]
[EventRounds "9"]
[EventType "swiss"]
[EventDate "2018.05.19"]

1. e4 {[%clk 1:30:57]} 1... d5 {[%clk 1:30:54]} 2. exd5 {[%clk 1:31:21]} 2...
Qxd5 {[%clk 1:31:17]} 3. Nc3 {[%clk 1:31:45]} 3... Qa5 {[%clk 1:31:39]} 4. Nf3
{[%clk 1:31:43]} 4... Nf6 {[%clk 1:31:52]} 5. Bc4 {[%clk 1:31:35]} 5... Bg4 {
[%clk 1:32:01]} 6. O-O {[%clk 1:29:34]} 6... e6 {[%clk 1:29:03]} 7. d4 { [%clk
1:29:18]} 7... c6 {[%clk 1:28:58]} 8. Bd2 {[%clk 1:29:25]} 8... Qc7 { [%clk
1:28:48]} 9. Re1 {[%clk 1:29:01]} 9... Bd6 {[%clk 1:28:45]} 10. Be2 { [%clk
1:28:30]} 10... Bxf3 {[%clk 1:29:01]} 11. Bxf3 {[%clk 1:28:42]} 11... Bxh2+
{[%clk 1:29:24]} 12. Kh1 {[%clk 1:28:47]} 12... Bd6 {[%clk 1:29:29]} 13. Bg5
{[%clk 1:28:31]} 13... Nbd7 {[%clk 1:29:34]} 14. d5 {[%clk 1:18:15]} 14... cxd5
{[%clk 1:25:20]} 15. Bxd5 {[%clk 1:17:31]} 15... Nxd5 {[%clk 1:21:40]} 16. Nxd5
{[%clk 1:17:24]} 16... Qc6 {[%clk 1:20:31]} 17. Ne3 {[%clk 1:15:22]} 17... O-O
{[%clk 1:19:21]} 18. Ng4 {[%clk 1:15:15]} 18... Qc5 {[%clk 1:16:05]} 19. Qd2
{[%clk 1:13:38]} 19... Ne5 {[%clk 1:15:16]} 20. b4 {[%clk 1:11:49]} 20... Qc7
{[%clk 1:13:12]} 21. Nf6+ {[%clk 1:11:00]} 21... gxf6 {[%clk 1:09:25]} 22. Bxf6
{[%clk 1:11:20]} 22... Rfc8 {[%clk 1:09:44]} 23. Qh6 {[%clk 1:04:19]} 23... Bf8
{[%clk 1:09:28]} 24. Qh5 {[%clk 1:04:14]} 24... Ng6 {[%clk 1:09:22]} 25. Re3
{[%clk 1:04:13]} 25... Bg7 {[%clk 1:09:04]} 26. Bxg7 {[%clk 1:04:02]} 26...
Kxg7 {[%clk 1:08:39]} 27. Rh3 {[%clk 1:04:14]} 27... Rh8 {[%clk 1:07:36]} 28.
Qh6+ {[%clk 1:04:19]} 28... Kg8 {[%clk 1:08:05]} 29. Rd3 {[%clk 1:04:05]} 29...
Qf4 {[%clk 1:06:54]} 30. Qh3 {[%clk 1:03:53]} 30... Qh4 {[%clk 1:07:01]} 31.
Rd7 {[%clk 1:03:46]} 31... Qxh3+ {[%clk 1:07:09]} 32. gxh3 {[%clk 1:04:10]}
32... Rb8 {[%clk 1:07:24]} 33. Rad1 {[%clk 1:04:08]} 33... Kg7 {[%clk 1:07:35]}
34. Rc7 {[%clk 1:04:31]} 34... a6 {[%clk 1:06:58]} 35. Rdd7 {[%clk 1:04:52]}
35... Ne5 {[%clk 1:07:15]} 36. Re7 {[%clk 1:05:04]} 36... Rhc8 {[%clk 1:07:19]}
37. f4 {[%clk 1:05:01]} 37... Rxc7 {[%clk 1:07:44]} 38. Rxc7 {[%clk 1:05:26]}
38... Ng6 {[%clk 1:07:33]} 39. a4 {[%clk 1:05:42]} 39... Nxf4 {[%clk 1:07:56]}
40. c4 {[%clk 1:06:03]} 40... b5 {[%clk 1:07:47]} 41. axb5 {[%clk 1:06:16]}
41... axb5 {[%clk 1:08:11]} 42. c5 {[%clk 1:06:41]} 42... Nd5 {[%clk 1:08:38]}
0-1